Mobile Legends: Special skin - Statistics

General Stats
  • This quiz has been taken 37 times
    35 since last reset
  • The average score is 12 of 59
Answer Stats
Characters Skins % Correct
Claude Lifeguard
45%
Fanny Lifeguard
45%
Badang Susanoo
45%
Claude Christmas Carnival
38%
Freya Christmas Carnival
38%
Odette Christmas Carnival
38%
Zilong Christmas Carnival
38%
Bruno Best DJ
34%
Kagura Cherry Witch
34%
Chou Furious Tiger
34%
Odette Butterfly Goddess
31%
Alice Divine Owl
31%
Clint Guns and Roses
31%
Franco Masterchef
31%
Angela Scream Doll
31%
Kagura Summer Festival
31%
Hayabusa Sushi Master
31%
Guinevere Amethyst Dance
28%
Clint Badminton Champion
28%
Chang'e Floral Elfo
28%
Balmond Savage Pointguard
28%
Kadita White Robin
28%
Layla Cannon and Roses
24%
Lesley Cheergunner
24%
Estes Crow Bishop
24%
Lesley Dangerous Love
24%
Esmeralda Lady Thief
24%
Diggie Constellation
21%
Aurora Foxy Lady
17%
Jawhead Nutcracker
17%
Harley Referee
17%
Alucard Romantic Fantasy
17%
Franco Wheatfield Nightmare
17%
Nana Wind Fairy
17%
Kimmy Charge Leader
14%
Alpha Crimson Warrior
14%
Martis Deathrock
14%
Khufra Gentleman Thief
14%
Moskov Javelin Champion
14%
Karrie Jester
14%
Lapu Lapu Vulcan
14%
Odette Auspicious Charm
10%
Freya Beach Sweetheart
10%
Gusion Dangerous Laison
10%
Helcurt Evolved Predator
10%
Lolita Lion Dance
10%
Hylos Phantom Seer
10%
Miya Sweet Fantasy
10%
Lolita Impish Trickster
7%
Valir Shikigami Summoner
7%
Sun Street Legend
7%
Natalia Midnight Raven
3%
Uranus Pinball Machine
3%
Sun Rock Star
3%
Jawhead Space Explorer
3%
Miya Suzuhime
3%
Lancelot Christmas Carnivala
0%
Uranus Mech Protector
0%
Leomord Triumph-Eagle
0%
No matching quizzes found
Score Distribution
Percent of People with Each Score
Percentile by Number Answered
Your Score History
You have not taken this quiz since the last reset